Music Quiz

Random Music or Album Quiz

Kanye West Songs Quiz Stats

 Plays Quiz not verified by Sporcle

Support Sporcle.
Go Orange.
Score 0/145 Timer 15:00
0 Plays Today
% Correct
Dark Fantasy
87%
Monster
87%
Runaway
87%
Heartless
85.2%
All of the Lights (Interlude)
85.2%
All of the Lights
85.2%
Devil in a New Dress
85.2%
Jesus Walks
83.3%
Gold Digger
83.3%
Stronger
83.3%
Gorgeous
83.3%
Power
83.3%
Black Skinhead
81.5%
Good Morning
79.6%
So Appalled
79.6%
Lost in the World
79.6%
Otis
79.6%
Flashing Lights
77.8%
Homecoming
77.8%
Who Will Survive in America
77.8%
**** in Paris
77.8%
Pt. 2
77.8%
Ghost Town
77.8%
Hell of a Life
75.9%
Blame Game
75.9%
New Slaves
75.9%
Blood on the Leaves
75.9%
Bound 2
75.9%
Ultralight Beam
75.9%
Father Stretch My Hands, Pt. 1
75.9%
Famous
75.9%
Wolves
75.9%
I Thought About Killing You
75.9%
Yikes
75.9%
All Falls Down
74.1%
Touch the Sky
74.1%
Skit #1
74.1%
Skit #2
74.1%
Skit #3
74.1%
Hey Mama
74.1%
Skit #4
74.1%
Amazing
74.1%
RoboCop
74.1%
Street Lights
74.1%
On Sight
74.1%
Real Friends
74.1%
Reborn
74.1%
Selah
74.1%
Through the Wire
72.2%
% Correct
Roses
72.2%
Welcome to Heartbreak
72.2%
Love Lockdown
72.2%
Paranoid
72.2%
Pinocchio Story
72.2%
Waves
72.2%
Violent Crimes
72.2%
Cudi Montage
72.2%
Spaceship
70.4%
Coldest Winter
70.4%
No More Parties in LA
70.4%
All Mine
70.4%
The New Workout Plan
68.5%
Heard 'Em Say
68.5%
Champion
68.5%
Good Life
68.5%
Can't Tell Me Nothing
68.5%
Drunk and Hot Girls
68.5%
Big Brother
68.5%
No Church in the Wild
68.5%
I Am a God
68.5%
Hold My Liquor
68.5%
Highlights
68.5%
Follow God
68.5%
Water
68.5%
We Don't Care
66.7%
I Wonder
66.7%
FML
66.7%
Fade
66.7%
Freeee (Ghost Town Pt. 2)
66.7%
School Spirit
64.8%
Diamonds From Sierra Leone (Remix)
64.8%
Diamonds From Sierra Leone
64.8%
Barry Bonds
64.8%
Low Lights
64.8%
30 Hours
64.8%
Feel the Love
64.8%
On God
64.8%
Family Business
63%
Say You Will
63%
Siiiiiiiiilver Surffffeeeeer Intermission
63%
4th Dimension
63%
Kids See Ghosts
63%
Closed on Sunday
63%
Last Call
61.1%
I'm in It
61.1%
Send It Up
61.1%
Intro
59.3%
Slow Jamz
59.3%
% Correct
Wake Up Mr. West
59.3%
Gone
59.3%
Everything I Am
59.3%
The Glory
59.3%
See You in My Nightmares
59.3%
Guilt Trip
59.3%
Feedback
59.3%
Fire
59.3%
God Is
59.3%
Wouldn't Leave
57.4%
No Mistakes
57.4%
We Major
55.6%
Late
55.6%
Jesus Is Lord
55.6%
Drive Slow
53.7%
Bad News
53.7%
Facts (Charlie Heat Version)
53.7%
Use This Gospel
53.7%
Never Let Me Down
51.9%
Get 'Em High
51.9%
Breathe In Breathe Out
51.9%
Freestyle 4
51.9%
I Love Kanye
51.9%
Workout Plan
50%
Crack Music
50%
Addiction
50%
Celebration
50%
I'll Fly Away
48.1%
Everything We Need
46.3%
Hands On
46.3%
Graduation Day
44.4%
School Spirit Skit 1
44.4%
School Spirit Skit 2
44.4%
Lil Jimmy Skit
44.4%
Two Words
44.4%
Lift Off
44.4%
Made in America
42.6%
Every Hour
42.6%
Gotta Have It
40.7%
Murder to Excellence
40.7%
Bring Me Down
38.9%
New Day
38.9%
That's My Bitch
35.2%
My Way Home
33.3%
Who Gon Stop Me
33.3%
Welcome to the Jungle
31.5%
Why I Love You
29.6%

You're not logged in!

Compare scores with friends on all Sporcle quizzes.
OR
Log In

From the Vault

Sporcle Categorical Just for Fun: Idioms

by Pushcake

Watch who you're calling an idiom.
Remove Ads.
Support Sporcle.
Get the best of Sporcle when you Go Orange. This ad-free experience offers more features, more stats, and more fun while also helping to support Sporcle. Thank you for becoming a member.

Show Comments

Extras

Top Quizzes Today


Score Distribution

Your Account Isn't Verified!

In order to create a playlist on Sporcle, you need to verify the email address you used during registration. Go to your Sporcle Settings to finish the process.

Report this User

Report this user for behavior that violates our Community Guidelines.

Details: